[Event "Novosibirsk Region-ch Seniors"]
[Site "Novosibirsk"]
[Date "2009.02.??"]
[Round "1"]
[White "Baidin, Yury"]
[Black "Gavrilov, Gennady"]
[Result "0-1"]
[WhiteElo "1832"]
[BlackElo "2089"]
[PlyCount "62"]
[EventDate "2009.02.??"]
[EventType "swiss"]
[EventRounds "9"]
[EventCountry "RUS"]
[SourceTitle "EXT 2012"]
[Source "ChessBase"]
[SourceDate "2011.11.24"]
[SourceVersion "1"]
[SourceVersionDate "2011.11.24"]
[SourceQuality "1"]

1. e4 e5 2. Nf3 Nc6 3. Bc4 Be7 4. d4 exd4 5. Nxd4 d6 6. Nc3 Nf6 7. Be3 0-0 8. h3 Ne5 9. Bb3 c5 10. Nf3 c4 11. Nxe5 cxb3 12. Nd3 bxc2 13. Qxc2 d5 14. e5 d4 15. exf6 Bxf6 16. Ne4 dxe3 17. Nxf6+ Qxf6 18. 0-0 Bf5 19. fxe3 Qg6 20. Rxf5 Qxf5 21. Rf1 Qe4 22. Qe2 Rfe8 23. Rf3 Rad8 24. Nf2 Qb4 25. Rg3 Rd2 26. Qf3 Rd6 27. Ng4 Rg6 28. h4 Qe1+ 29. Kh2 h5 30. Nf2 Rxg3 31. Qxg3 Qxe3 0-1

[Event "Novosibirsk Region-ch Seniors"]
[Site "Novosibirsk"]
[Date "2009.02.??"]
[Round "3"]
[White "Baidin, Yury"]
[Black "Romanov, Viktor"]
[Result "1/2-1/2"]
[WhiteElo "1832"]
[BlackElo "1970"]
[PlyCount "66"]
[EventDate "2009.02.??"]
[EventType "swiss"]
[EventRounds "9"]
[EventCountry "RUS"]
[SourceTitle "EXT 2012"]
[Source "ChessBase"]
[SourceDate "2011.11.24"]
[SourceVersion "1"]
[SourceVersionDate "2011.11.24"]
[SourceQuality "1"]

1. e4 b6 2. d4 e6 3. Nc3 Bb7 4. f4 Bb4 5. Bd3 f5 6. Qe2 Nf6 7. exf5 0-0 8. Bd2 exf5 9. 0-0-0 Re8 10. Qf1 g6 11. a3 Bf8 12. Nf3 d6 13. Re1 Nbd7 14. Ng5 c6 15. h3 d5 16. Ne6 Qc8 17. g4 Nc5 18. dxc5 Rxe6 19. gxf5 Rxe1+ 20. Qxe1 gxf5 21. Qg3+ Kf7 22. Re1 Bxc5 23. Qg5 Ne4 24. Nxe4 fxe4 25. Be2 Qe6 26. Bh5+ Kf8 27. f5 Qe5 28. Bc3 d4 29. Rxe4 Qg7 30. Qxg7+ Kxg7 31. Bxd4+ Bxd4 32. Rxd4 Ba6 33. Bg4 Rf8 1/2-1/2

[Event "Novosibirsk-ch Seniors op"]
[Site "Novosibirsk"]
[Date "2008.10.03"]
[Round "9"]
[White "Baidin, Yury"]
[Black "Popova, Adelanda"]
[Result "1/2-1/2"]
[WhiteElo "1862"]
[BlackElo "1667"]
[PlyCount "44"]
[EventDate "2008.09.25"]
[EventType "swiss"]
[EventRounds "9"]
[EventCountry "RUS"]
[SourceTitle "EXT 2022"]
[Source "ChessBase"]
[SourceDate "2021.10.06"]
[SourceVersion "1"]
[SourceVersionDate "2021.10.06"]
[SourceQuality "1"]

1. e4 c5 2. f4 e6 3. Nf3 Nc6 4. Nc3 a6 5. Be2 Nge7 6. 0-0 d5 7. e5 c4 8. d4 Nf5 9. g4 Nh6 10. h3 Be7 11. Be3 b5 12. Qd2 Bd7 13. f5 Ng8 14. fxe6 Bxe6 15. Nd1 h6 16. c3 Rb8 17. Nf2 g5 18. Nh1 Kd7 19. Ng3 f6 20. exf6 Nxf6 21. Nh1 Kc7 22. Rae1 Qd6 1/2-1/2

[Event "Novosibirsk-ch Seniors op"]
[Site "Novosibirsk"]
[Date "2008.10.02"]
[Round "8"]
[White "Ignatov, Anatoly"]
[Black "Baidin, Yury"]
[Result "1-0"]
[WhiteElo "1973"]
[BlackElo "1862"]
[PlyCount "55"]
[EventDate "2008.09.25"]
[EventType "swiss"]
[EventRounds "9"]
[EventCountry "RUS"]
[SourceTitle "EXT 2022"]
[Source "ChessBase"]
[SourceDate "2021.10.06"]
[SourceVersion "1"]
[SourceVersionDate "2021.10.06"]
[SourceQuality "1"]

1. e4 e5 2. Nf3 Nc6 3. Bb5 a6 4. Ba4 Nf6 5. 0-0 Be7 6. Re1 b5 7. Bb3 0-0 8. c3 d6 9. h3 Na5 10. Bc2 c5 11. d4 cxd4 12. cxd4 Nc6 13. Nc3 Bb7 14. d5 Nb8 15. Be3 Nbd7 16. Ne2 Rc8 17. Ng3 g6 18. Bh6 Re8 19. Qd2 Kh8 20. Nh2 Ng8 21. Be3 Ndf6 22. Rac1 Nd7 23. Nf3 Kg7 24. Bb1 Nb6 25. b3 Nd7 26. Rxc8 Bxc8 27. Rc1 f6 28. Nh2 1-0

[Event "Novosibirsk-ch Seniors"]
[Site "Novosibirsk"]
[Date "2008.02.03"]
[Round "1"]
[White "Baidin, Yury"]
[Black "Nikitin, Gennady Sergeevich"]
[Result "0-1"]
[WhiteElo "1862"]
[BlackElo "2140"]
[PlyCount "44"]
[EventDate "2008.02.03"]
[EventType "swiss"]
[EventRounds "9"]
[EventCountry "RUS"]
[SourceTitle "EXT 2010"]
[Source "ChessBase"]
[SourceDate "2010.11.25"]
[SourceVersion "1"]
[SourceVersionDate "2010.11.25"]
[SourceQuality "1"]

1. e4 c5 2. f4 Nf6 3. e5 Nd5 4. d4 cxd4 5. Qxd4 e6 6. c4 Nb4 7. Na3 N8c6 8. Qd1 a6 9. Be3 Qa5 10. Bd2 d6 11. Nc2 dxe5 12. a3 Nxc2+ 13. Qxc2 Bb4 14. Nf3 Bxd2+ 15. Nxd2 exf4 16. 0-0-0 0-0 17. Ne4 e5 18. Rd5 Qe1+ 19. Rd1 Qe3+ 20. Kb1 Nd4 21. Qd3 Bg4 22. Qxe3 fxe3 0-1